000 00417nam a22001817a 4500
003 MPLRDC
005 20220104142908.0
008 210129b ||||| |||| 00| 0 eng d
082 _a177.3 DZJ
100 _a戴志俊编
245 _a知己知彼术
_c
250 _a初版
260 _a
_b大众书局
_c1973
300 _b
490 _a现代青年修养丛书;5
650 _a
942 _cBK
_o177.3 DZJ
999 _c34641
_d34631